[Event "Santa Maria op 4th"]
[Site "Santa Maria de Jetiba"]
[Date "2023.11.24"]
[Round "2"]
[White "Lorenzi, Gabriel Goncalves"]
[Black "Gusmao, Pablo da Silva"]
[Result "0-1"]
[WhiteElo "1800"]
[BlackElo "1585"]
[PlyCount "122"]
[EventDate "2023.11.24"]
[EventType "swiss"]
[EventRounds "6"]
[EventCountry "BRA"]
[SourceTitle "CBM 217 Extra"]
[Source "ChessBase"]
[SourceDate "2024.01.31"]
[SourceVersion "1"]
[SourceVersionDate "2024.01.31"]
[SourceQuality "1"]

1. d4 Nf6 2. Bf4 d5 3. e3 e6 4. Nd2 c5 5. c3 Bd6 6. Bxd6 Qxd6 7. Ngf3 0-0 8. Bd3 Nc6 9. 0-0 Re8 10. Re1 e5 11. dxe5 Nxe5 12. Nxe5 Qxe5 13. Nf3 Qh5 14. Bb5 Re7 15. Nd2 Qxd1 16. Raxd1 c4 17. Nf3 a6 18. Ba4 b5 19. Bc2 Bg4 20. h3 Bxf3 21. gxf3 Rb8 22. a3 a5 23. e4 Rbe8 24. Kf1 g6 25. exd5 Rxe1+ 26. Rxe1 Rxe1+ 27. Kxe1 Nxd5 28. Be4 Nc7 29. Kd2 f5 30. Bc6 f4 31. Ke1 g5 32. Kf1 Kf7 33. Kg2 Ke6 34. h4 Kd6 35. Be4 h6 36. Kh3 Kc5 37. hxg5 hxg5 38. Kg4 b4 39. cxb4+ axb4 40. axb4+ Kxb4 41. Bc2 Ne6 42. Kf5 Nd4+ 43. Kxg5 Nxc2 44. Kxf4 Ne1 45. Ke3 Nxf3 46. Kxf3 Kb3 47. Ke2 Kxb2 48. f4 c3 49. f5 c2 50. f6 c1Q 51. f7 Qf4 52. Kd3 Qxf7 53. Kd4 Kb3 54. Ke4 Kc4 55. Ke3 Qd5 56. Kf4 Kd4 57. Kg4 Qf7 58. Kg5 Ke4 59. Kg4 Qg7+ 60. Kh5 Kf4 61. Kh4 Qg4# 0-1